000 00575nam a2200169Ia 4500
008 090201s9999 xx 000 0 und d
010 _aKPL-55501
040 _bमराठी
041 _aमराठी
082 _a40724
_b55501
100 _aवंसत नरहर फेणे
245 _aसेंट्रल बस स्टेशन
_cवंसत नरहर फेणे
260 _c2004
_bमेहता पब्लिशिंग
300 _a163
_bमोठा
600 _aसेंट्रल बस स्टेशन
942 _cBOOK
999 _c237957
_d237957